| 000 | 00987nam a2200229 i 4500 | ||
|---|---|---|---|
| 001 | 157774 | ||
| 003 | ES-MaACL | ||
| 005 | 20250930063137.0 | ||
| 008 | 931025s1788 sp |||| | spa d | ||
| 080 | _a58 | ||
| 100 | 0 |
_aLinné, Carl von, _d1707-1778 _972451 |
|
| 245 | 1 | 0 |
_aSistema de los vegetales, ó Resumen de la parte práctica de botánica del caballero Cárlos Linneo : _bque comprehende las clases, órdenes, generos y especies de las plantas con algunas de sus variedades / _cpor don Antonio Paláu y Verdéra... |
| 260 |
_aMadrid : _ben la Imprenta Real, _c1788. |
||
| 300 |
_aXII, 713 p., [2] en bl. ; _c8º. |
||
| 597 | _aSign.: [ ]6, A-Z8, Aa-Xx8, Yy6. | ||
| 597 | _aAntep. | ||
| 650 | 7 |
_aBotánica _2embne _910610 |
|
| 700 | 1 |
_aPalau y Verdera, Antonio. _988508 |
|
| 852 | 4 |
_aES-MaACL _jR-2161-69 _z- Enc. pasta _x Olim G-7079-87 |
|
| 852 | 4 |
_aES-MaACL _jR-381 _z- Enc. pasta española _x Olim: C-12059 |
|
| 999 |
_c157774 _d157774 |
||